000 01386nam a22003017i 4500
999 _c22832
_d22832
003 AR-CdUCM
008 240419b20222022pe ||||| |||| 00| 0 spa d
040 _aMUNICIPALIDAD PROVINCIAL DEL CUSCO
_cBIBLIOTECA MUNICIPAL DEL CUSCO
082 _a985.613 / M2R
_bM2R
100 _aRíos Pérez, Gregorio
_949569
245 _aMaranganí, Historia abierta al mundo :
_ben homenaje a los 188 años (CLXXXVIII) de su creación política, 1834-2022 /
260 _aCusco :
_bMunicipalidad Distrital Maranganí,
_c2022
300 _a409 páginas. :
_c28.5 cm.
500 _zBibliografía: páginas 401-407.
505 _aUbicación geográfica -- Historia prehispánica, Emancipación y República -- La fábrica de tejidos Maranganí -- La reforma agraria -- Personajes ilustres
650 _aUbicación geográfica
_949570
650 _aLa iglesia de Maranganí
_949571
650 _aLa pernada
_949572
650 _aRebeliones de María Jerusalén y Túpac Amaru
_949573
650 _aLa presencia de Mateo Pumacahua en Maranganí
_949574
650 _aLos arrieros de Maranganí
_949575
650 _aOrigen de la industria textil cusqueña
_949576
650 _aEtapas históricas de la fábrica de tejidos Maranganí
_949659
650 _aMaranganí en el siglo XX
_949578
650 _aLa educación en Maranganí
_949579
942 _2ddc
_cLIBROS
945 _apbj
_d2024-04-19